MARC

LEADER 00000nam0a2200000 4500
001 350727
005 20231102010330.0
035 |a (RuTPU)RU\TPU\retro\4989 
090 |a 350727 
100 |a 20190226d1970 k y0rusy50 ca 
101 0 |a rus 
102 |a RU 
105 |a y z 101zy 
200 1 |a Химия. Ботаника. Зоология  |e материалы научно-методической конференции  |f Белгородский государственный педагогический институт 
210 |a Белгород  |c [Б. и.]  |d 1970 
215 |a 127 с. 
316 |5 63413507: КР-6409  |a На титульном листе дарственная надпись: "Глубокоуважаемому Александру Акимовичу Воробьеву! 25/IV-1971 г. И. С. Карпенко" 
317 |5 63413507: КР-6409  |a Поступила в НТБ в 1987 г. в дар от вдовы ученого Е. К. Завадовской 
320 |a Библиогр. в конце докл. 
606 1 |a Химия  |2 stltpush  |3 (RuTPU)RU\TPU\subj\17362  |9 43035 
606 1 |a Ботаника  |2 stltpush  |3 (RuTPU)RU\TPU\subj\30121  |9 53285 
606 1 |a Зоология  |2 stltpush  |3 (RuTPU)RU\TPU\subj\11919  |9 38793 
610 1 |a конференции 
610 1 |a материалы конференций 
610 1 |a библиотека А. А. Воробьева 
610 1 |a дары библиотеке 
610 1 |a дарственные надписи 
675 |a 54(063)  |v 3 
675 |a 58(063)  |v 3 
675 |a 59(063)  |v 3 
712 0 2 |a Белгородский государственный педагогический институт  |c (1957-1994)  |2 stltpush  |3 (RuTPU)RU\TPU\col\25757  |9 28530 
801 1 |a RU  |b 63413507  |c 20190226 
801 2 |a RU  |b 63413507  |c 20190604  |g RCR 
942 |c BK